| 000 | 00520aam a2200205 4500 | ||
|---|---|---|---|
| 005 | 20240808193826.0 | ||
| 008 | 150603b xxu||||| |||| 00| 0 spa d | ||
| 020 | _a9780194789219 | ||
| 041 | _aING | ||
| 082 | _a813.54 E74s | ||
| 100 | _aEscott, John | ||
| 245 | _aSister love and other crime stories | ||
| 260 | _aEstados Unidos | ||
| 260 | _bOxford University Press | ||
| 260 | _c2008 | ||
| 300 | _a56 páginas | ||
| 650 | _aLITERATURA ESTADOUNIDENSE | ||
| 650 | _aNOVELA ESTADOUNIDENSE | ||
| 942 |
_cLIT _2ddc |
||
| 999 |
_c2543 _d2543 |
||